Guerra e diritto nel mondo antico. Guerra e diritto nel mondo greco-ellenistico fino al III secolo

Uloženo v:
Podrobná bibliografie
Hlavní autor: Ilari, Virgilio (Autor)
Médium: Kniha
Jazyk:italština
Vydáno: Milán Dott. A. Giuffrè 1980
Edice:Publicazzioni dell'Istituto di Diritto Romano e dei Diritti dell'Oriente Mediterraneo, 56
Témata:
Tagy: Přidat tag
Žádné tagy, Buďte první, kdo vytvoří štítek k tomuto záznamu!

MARC

LEADER 00000nam a2200000 a 4500
001 UCR1722
003 CL-VaPUC
008 971219e19800000IT |||||||||||||||||ita|d
082 0 4 |a 340.538  |b ILA  |2 21 
100 |a Ilari, Virgilio  |e author  |9 399127 
245 1 0 |a Guerra e diritto nel mondo antico. Guerra e diritto nel mondo greco-ellenistico fino al III secolo 
300 |a 128 p 
942 |c BK 
945 |d 19971219 00:00:00  |a aolguin 
260 |a Milán  |b Dott. A. Giuffrè  |c 1980 
650 0 |a Derecho internacional  |9 255637 
650 0 |a Derecho romano  |9 255930 
650 0 |a Derecho griego  |9 324043 
650 7 |a DERECHO DE GUERRA  |2 CL-VaPUC  |9 393230 
583 |a last modification  |c 19971219 00:00:00  |k Rodrigo Vera 
490 0 |a Publicazzioni dell'Istituto di Diritto Romano e dei Diritti dell'Oriente Mediterraneo, 56 
999 |c 265089  |d 265087 
952 |0 0  |1 0  |4 0  |6 340_538000000000000_ILA_1980  |7 0  |8 A  |9 295881  |a BIBDER  |b BIBDER  |d 2019-11-20  |i 1920480  |o 340.538 ILA 1980  |p 1920480  |r 2023-01-25  |w 2019-11-20  |y BK  |k DER 
952 |0 0  |1 0  |4 0  |6 340_538000000000000_ILA_1980  |7 0  |8 DER_ROM  |9 295882  |a BIBDER  |b BIBDER  |d 2019-11-20  |i 192043K  |o 340.538 ILA 1980  |p 192043K  |r 2023-01-25  |w 2019-11-20  |x Ubicación 4to piso  |y BK  |z Este recurso debe solicitarse con anticipación  |k DER